Re:Zero Deaths - Statistics

General Stats
  • This quiz has been taken 127 times
  • The average score is 11 of 20
Answer Stats
Hint Answer % Correct
Arc 1 Elsa Granheirt
96%
Arc 1 Elsa Granheirt
88%
Arc 2 Rem
75%
Arc 2 Ram
63%
Arc 2 Himself
62%
Arc 3 Puck
57%
Arc 3 Puck
55%
Arc 2 Shaman Dog
53%
Arc 3 Puck
51%
Arc 4 Great Rabbit
49%
Arc 5 Sirius Romanee-Conti
49%
Arc 5 Sirius Romanee-Conti
49%
Arc 3 Julius Juukulius
47%
Arc 4 Elsa Granheirt
46%
Arc 4 Elsa Granheirt
46%
Arc 5 Reinhard van Astrea
46%
Arc 4 Great Rabbit
42%
Arc 4 Himself
41%
Arc 1 Lachins Hoffman
37%
Arc 4 Himself
36%
No matching quizzes found
Score Distribution
Percent of People with Each Score
Percentile by Number Answered
Your Score History
You have not taken this quiz